Random Countries - Statistics

General Stats
  • This quiz has been taken 20 times
  • The average score is 28 of 35
Answers on the Map
Answers color-coded by a green-red scale on the quiz's map according to % correct below.
 
Answer Stats
Answer % Correct
Australia
93%
Brazil
93%
Chile
87%
Egypt
87%
Greece
87%
Honduras
87%
India
87%
Italy
87%
Japan
87%
Malta
87%
Mexico
87%
Peru
87%
Poland
87%
Russia
87%
Cambodia
80%
China
80%
Ethiopia
80%
France
80%
Iceland
80%
New Zealand
80%
Philippines
80%
Ukraine
80%
Indonesia
73%
Kazakhstan
73%
Morocco
73%
Norway
73%
Spain
73%
Turkmenistan
73%
Venezuela
73%
Vietnam
73%
Zambia
73%
Azerbaijan
67%
Colombia
67%
Sweden
67%
Bolivia
60%
No matching quizzes found
Score Distribution
Percent of People with Each Score
Percentile by Number Answered
Your Score History
You have not taken this quiz